000 00654nam a2200277Ia 4500
008 160321s9999||||xx |||||||||||||| ||und||
040 _cEnglish
082 _aXI.A/Roy
082 _bBORI-89563
100 _aM. N Roy
245 4 _aThe Russian Revolution
260 _aCalcutta
260 _bD.M Library
300 _a104
300 _cA
300 _eHardbound
530 _u00092981.pdf
563 _aStudy
600 _aM. N Roy
630 _aThe Russian Revolution
650 _aGeneral Indology
650 _aPolitics History and Historiography
700 _aM. N Roy
730 _aThe Russian Revolution
942 _cBOOK
999 _c1371737
_d1371734